Economic theory and econometric applications: Recent developments (Record no. 41084)

MARC details
000 -LEADER
fixed length control field 00326nam a2200109Ia 4500
082 ## - DEWEY DECIMAL CLASSIFICATION NUMBER
Classification number 330.115
Item number MUR
245 #0 - TITLE STATEMENT
Title Economic theory and econometric applications: Recent developments
260 ## - PUBLICATION, DISTRIBUTION, ETC. (IMPRINT)
Place of publication New Delhi
Name of publisher Har-Anand Publications
Year of publication 1995
700 ## - ADDED ENTRY--PERSONAL NAME
Personal name Murthy, G V S N
942 ## - ADDED ENTRY ELEMENTS (KOHA)
Koha item type Books
Holdings
Withdrawn status Lost status Damaged status Not for loan Home library Current library Date acquired Cost, normal purchase price Full call number Accession Number Koha item type
        RRII Library RRII Library 16/12/2021 495.00 330.115 MUR 21376 Books